000 00431nam a2200181Ia 4500
001 15658
005 20260306170212.0
008 260306t2003||||xx |||||||||||||| ||und||
041 _aESP
082 _a570.285
_bK79
100 _aKrane, Dan E.
_eAUT
245 0 _aFundamental concepts of bioinformatics
260 _c2003
300 _a314 páginas :
_c23 cm.
650 _aGEN
654 _aCCN
942 _cLIB
_dJUS
_fJUS
_2ddc
_n
999 _c15658
_d15658